000 01276nam0a22002891 4500
001 rc\347856
005 20250621051456.0
035 _a(NLR Aleph) 005590997
090 _a6212364
_c6212364
100 _a20030307d1989 |||y0rusy50 ca
101 0 _arus
102 _aRU
105 _aa |||||||||
200 1 _aФункционально-стоимостный анализ как инструмент комплексной социалистической рационализации в ЧССР
210 _aМ.
_cИнформэлектро
_d1989
215 _a39 с.
_cил.
_d21
225 1 _aЭлектротехническая промышленность
_hСерия 28
_iЭлектропромышленность за рубежом
_eОбзор. информ.
_fВНИИ информ. и техн.-экон. исслед. в электротехнике
_vВып. 91
300 _aНа обл. авт. не указаны
300 _aВ надзаг. также: М-во электротехн. пром-сти СССР
320 _aБиблиогр.: с. 38
700 1 _aКузьмин
_bА.М.
701 1 _aШалденков
_bС.В.
801 0 _aRU
_bNLR
_gpsbo
801 1 _aRU
_bELAR
_2rusmarc
852 _aNLR
_jП22/5035
942 _cBOOK
980 _aNB